000 01178nas a2200313 4500
001 BR2013008214
003 BR-BrBNA
005 20231205123158.0
007 ta
008 230509b bl.|||p| |||| 00| 00por d
040 _aBR-BrBNA
_bpor
_cBiblioteca Nacional de Agricultura
041 _a(Pt)
072 _aK10
100 1 _aAmaral, L. de P.
100 1 _aFerreira, R.A.
100 1 _aWatzlawick, L.F.
100 1 _aLonghi, S.J.
100 1 _aSebem, E.
245 1 _aInfluência da floresta alterada na distribuição espacial de três espécies da Floresta Ombrófila Mista avaliada pela geoestatística
246 1 _aInfluence of forest disturbance in the spatial distribution of the number of individuals of three species of araucaria forest assessed by geostatistical
650 _aFLORESTA
650 _aDISTRIBUIÇÃO GEOGRÁFICA
650 _aLEVANTAMENTO
650 _aESPÉCIE
773 0 _tRevista Árvore (Brazil)
_xISSN 0100-6762
_g(May-Jun 2013), v. 37(3) p. 491-501
_wBR2013008214
856 4 _uhttp://www.scielo.br/pdf/rarv/v37n3/a12v37n3.pdf
_yRecurso eletrônico (PDF)
909 _a202311
_bLúcia
_c55
_dLúcia Elande
942 _2AGRIS
_n0
_cANA
999 _c232554
_d232554